[Event "EU-chT Seniors 15th"]
[Site "Dresden"]
[Date "2013.07.23"]
[Round "4"]
[White "Lyly, Seppo"]
[Black "Muehle, Hans Bernd"]
[Result "1/2-1/2"]
[WhiteElo "1893"]
[BlackElo "1927"]
[EventDate "2013.07.20"]
[PlyCount "58"]

1.e4 e5 2.Nf3 Nc6 3.Bb5 a6 4.Ba4 Nf6 5.d3 b5 6.Bb3 Be7 7.c3 d6 8.O-O O-O 
9.Re1 Na5 10.Bc2 c5 11.Nbd2 Bg4 12.Nf1 Qc7 13.Ne3 Bd7 14.Bd2 Nc6 15.Rc1 
Rfe8 16.Bb3 c4 17.dxc4 bxc4 18.Bxc4 Qb7 19.Qc2 Na5 20.Bd3 Rac8 21.Qb1 Be6 
22.b3 Nh5 23.Nc2 Bg4 24.Nb4 Ra8 25.Be2 Nc6 26.Nd5 Bd8 27.h3 Bxf3 28.Bxf3 
Nf6 29.Nxf6+ Bxf6 1/2-1/2

[Event "EU-chT Seniors 15th"]
[Site "Dresden"]
[Date "2013.07.23"]
[Round "4"]
[White "Seibt, Manfred"]
[Black "Patola, Eero"]
[Result "1/2-1/2"]
[WhiteElo "2011"]
[BlackElo "1947"]
[EventDate "2013.07.20"]
[PlyCount "78"]

1.d4 f5 2.g3 Nf6 3.Bg2 g6 4.Nf3 Bg7 5.O-O O-O 6.c4 d6 7.Nc3 Qe8 8.Qc2 Na6 
9.a3 c5 10.d5 Nc7 11.b3 Rb8 12.Bb2 b5 13.Rab1 h6 14.e3 Qf7 15.Nd2 Bd7 16.
f3 g5 17.f4 Ng4 18.Nd1 Qh5 19.Nf3 Nf6 20.Nf2 Rb6 21.Nd2 Rfb8 22.Bf3 g4 23.
Bg2 Qe8 24.Ba1 a5 25.e4 fxe4 26.Nfxe4 bxc4 27.bxc4 Ba4 28.Qd3 Qf7 29.Rxb6 
Rxb6 30.Rb1 Rxb1+ 31.Qxb1 Nxe4 32.Bxe4 Bxa1 33.Qxa1 Qg7 34.Qxg7+ Kxg7 35.
Bf5 h5 36.Bd3 Ne8 37.Ne4 Kf7 38.Kf2 Ng7 39.Nc3 Bb3 1/2-1/2

[Event "EU-chT Seniors 15th"]
[Site "Dresden"]
[Date "2013.07.23"]
[Round "4"]
[White "Barz, Hans Werner"]
[Black "Denda, Ronald"]
[Result "1-0"]
[WhiteElo "1974"]
[BlackElo "2020"]
[EventDate "2013.07.20"]
[PlyCount "177"]

1.e4 e5 2.Nf3 Nc6 3.Bb5 Nf6 4.O-O Nxe4 5.Re1 Nd6 6.Bxc6 dxc6 7.Nxe5 Be7 8.
d4 O-O 9.Nd2 Bf6 10.Ndf3 Be6 11.c3 h6 12.h3 Nc4 13.Nd3 b6 14.b3 Nd6 15.
Nfe5 Nf5 16.Nxc6 Qd6 17.Nce5 Bxe5 18.Nxe5 Rad8 19.Bf4 Qd5 20.Qf3 c5 21.
Qxd5 Rxd5 22.dxc5 Rxc5 23.c4 g5 24.Bd2 Rd8 25.Bb4 Rcc8 26.Rad1 Nd4 27.Be7 
Re8 28.Rxd4 Rxe7 29.Ng4 Kg7 30.Red1 Bxg4 31.hxg4 Rcc7 32.Kf1 f6 33.f3 Kf7 
34.Re1 Rc5 35.Rxe7+ Kxe7 36.Ke2 Ra5 37.Rd2 Rc5 38.Kd3 a5 39.a3 Rc8 40.b4 
axb4 41.axb4 Ra8 42.Ke4 Ke6 43.c5 bxc5 44.bxc5 Ra4+ 45.Rd4 Ra2 46.Rc4 Kd7 
47.Kf5 Rxg2 48.Kxf6 Kc6 49.Kg6 Rh2 50.Rc3 Rh3 51.Kf5 Rg3 52.Ke4 Rh3 53.Kd4
h5 54.gxh5 Rxh5 55.Re3 Rh6 56.Re5 Rg6 57.Ke4 Rg7 58.Kf5 Rf7+ 59.Kg4 Rf4+ 
60.Kg3 Rc4 61.Rxg5 Kd7 62.f4 Ke6 63.Kg4 Kf6 64.Rh5 Rc1 65.Rh6+ Ke7 66.c6 
Kf8 67.Kg5 Kg7 68.Rd6 Kf7 69.Rh6 Kg7 70.Rd6 Kf7 71.f5 Ke7 72.Re6+ Kf7 73.
Rf6+ Ke8 74.Re6+ Kf7 75.Rh6 Rc5 76.Rh7+ Kg8 77.Rc7 Kf8 78.Kf6 Kg8 79.Ke6 
Rc1 80.Rc8+ Kh7 81.Kd6 Kg7 82.Re8 Kf7 83.Re7+ Kf6 84.Re6+ Kxf5 85.Re5+ Kf6
86.Rc5 Rd1+ 87.Rd5 Ra1 88.c7 Rc1 89.Kd7 1-0

[Event "EU-chT Seniors 15th"]
[Site "Dresden"]
[Date "2013.07.23"]
[Round "4"]
[White "Pusch, Hermann"]
[Black "Groschup, Gerhard"]
[Result "0-1"]
[WhiteElo "2139"]
[BlackElo "2010"]
[EventDate "2013.07.20"]
[PlyCount "120"]

1.e4 e6 2.d4 d5 3.e5 c5 4.Qg4 cxd4 5.Bd3 Nc6 6.Nf3 f5 7.Qg3 Qc7 8.O-O Qf7 
9.Re1 Bb4 10.Re2 Nge7 11.a3 Ba5 12.b4 Bb6 13.b5 Na5 14.Bb2 h6 15.h4 Bd7 
16.Nxd4 Rc8 17.Nd2 Nc4 18.Bxc4 dxc4 19.N2f3 Qg6 20.Qxg6+ Nxg6 21.Rd1 Nf4 
22.Ree1 Nd5 23.Nxf5 O-O 24.Nd6 Rc7 25.Re4 c3 26.Bc1 Bc5 27.a4 Nb4 28.Re2 
Nd5 29.Ne4 Be7 30.Nd6 a6 31.Nd4 Bxh4 32.b6 Nxb6 33.a5 Nd5 34.g3 Be7 35.Ba3
Rb8 36.Rb1 Bf8 37.Rb3 b5 38.axb6 Rxb6 39.Re1 Rxb3 40.Nxb3 Ba4 41.Nd4 Bd7 
42.Rb1 Bxd6 43.Bxd6 Rc4 44.Nb3 Bb5 45.Nc5 Kf7 46.f4 Ne3 47.Rc1 Rd4 48.Kf2 
Ng4+ 49.Kf3 h5 50.Nb3 Bc6+ 51.Ke2 Re4+ 52.Kf1 Bb5+ 53.Kg2 Re2+ 54.Kg1 Bc6 
55.Bc5 Rg2+ 56.Kf1 Nh2+ 57.Ke1 Nf3+ 58.Kf1 Nd2+ 59.Ke1 Rh2 60.Bg1 Nf3+ 0-1

[Event "EU-chT Seniors 15th"]
[Site "Dresden"]
[Date "2013.07.23"]
[Round "4"]
[White "Schwertel, Johann"]
[Black "Siegmund, Rainer"]
[Result "1/2-1/2"]
[WhiteElo "2010"]
[BlackElo "2130"]
[EventDate "2013.07.20"]
[PlyCount "37"]

1.d4 Nf6 2.Nf3 e6 3.Bg5 h6 4.Bh4 Be7 5.e3 d5 6.Nbd2 Nbd7 7.Bd3 O-O 8.c3 c5
9.O-O b6 10.Re1 Bb7 11.Rc1 Ne4 12.Bxe7 Qxe7 13.Nf1 e5 14.dxe5 Nxe5 15.Nxe5
Qxe5 16.Ng3 Rad8 17.Qh5 Rfe8 18.Rcd1 Nxg3 19.Qxe5 1/2-1/2

[Event "EU-chT Seniors 15th"]
[Site "Dresden"]
[Date "2013.07.23"]
[Round "4"]
[White "Mueckan, Friedbert"]
[Black "Phillips, William"]
[Result "1/2-1/2"]
[WhiteElo "2042"]
[BlackElo "1932"]
[EventDate "2013.07.20"]
[PlyCount "52"]

1.e4 g6 2.d4 Bg7 3.Bc4 c6 4.Bb3 d6 5.h3 Nf6 6.Nc3 O-O 7.Be3 Qc7 8.a4 e5 9.
Nge2 Qe7 10.d5 c5 11.Qd2 Na6 12.f3 Nc7 13.Bh6 Bd7 14.Bg5 a6 15.a5 Nb5 16.
h4 Qe8 17.Ng3 h5 18.Kf2 Kh7 19.Bc4 Ng8 20.Na4 f6 21.Be3 f5 22.Bg5 f4 23.
Ne2 Bf6 24.Nb6 Rb8 25.c3 Qe7 26.Bxf6 Nxf6 1/2-1/2

[Event "EU-chT Seniors 15th"]
[Site "Dresden"]
[Date "2013.07.23"]
[Round "4"]
[White "Reuben, Stewart"]
[Black "Hampel, Johannes"]
[Result "1-0"]
[WhiteElo "2069"]
[BlackElo "2137"]
[EventDate "2013.07.20"]
[PlyCount "67"]

1.c4 e6 2.Nc3 d5 3.e3 Nf6 4.Nf3 Be7 5.b3 O-O 6.Bb2 b6 7.Be2 Bb7 8.Qc2 Nbd7
9.cxd5 exd5 10.O-O Re8 11.d4 Ne4 12.Ne5 Nxe5 13.dxe5 Nxc3 14.Qxc3 f6 15.
Bb5 c6 16.Bd3 fxe5 17.Bf5 Bf6 18.e4 g6 19.Bg4 d4 20.Qg3 c5 21.Rae1 Ba6 22.
f4 Bh4 23.Qh3 Bxe1 24.Be6+ Kg7 25.Rxe1 Qf6 26.f5 Rf8 27.Bc1 Rfe8 28.Bd5 
Rad8 29.Qh6+ Kh8 30.Bg5 Qg7 31.Qxg7+ Kxg7 32.f6+ Kh8 33.f7 Rf8 34.Bc6 1-0

[Event "EU-chT Seniors 15th"]
[Site "Dresden"]
[Date "2013.07.23"]
[Round "4"]
[White "Zoephel, Heinz"]
[Black "Wood, Peter R"]
[Result "0-1"]
[WhiteElo "2059"]
[BlackElo "1951"]
[EventDate "2013.07.20"]
[PlyCount "72"]

1.e4 e6 2.d4 d5 3.Nc3 Nf6 4.Bg5 Bb4 5.e5 h6 6.Bd2 Bxc3 7.Bxc3 Ne4 8.Qg4 
O-O 9.Bb4 c5 10.Bxc5 Qa5+ 11.b4 Qc7 12.Ne2 Nxc5 13.bxc5 Nc6 14.c3 b6 15.
cxb6 Qxb6 16.Qf4 Ba6 17.Qd2 Na5 18.h4 Rab8 19.Rc1 Nc4 20.Qc2 Rfc8 21.Rh3 
Qa5 22.Nf4 Rb2 23.Qd1 Nd2 24.Bxa6 Qxa6 25.Qe2 Qxe2+ 26.Nxe2 Rxa2 27.Rd1 
Nc4 28.Rb1 a5 29.Nc1 Rb2 30.Rxb2 Nxb2 31.Kd2 Rb8 32.Kc2 Kf8 33.Nb3 Nc4 34.
Nc5 Rb2+ 35.Kc1 Rxf2 36.g4 Rg2 0-1

[Event "EU-chT Seniors 15th"]
[Site "Dresden"]
[Date "2013.07.23"]
[Round "4"]
[White "Byway, Paul"]
[Black "Myall, Ivan J"]
[Result "0-1"]
[WhiteElo "2140"]
[BlackElo "2087"]
[EventDate "2013.07.20"]
[PlyCount "126"]

1.Nf3 d5 2.d4 Nf6 3.e3 Bf5 4.Be2 e6 5.O-O h6 6.c4 c6 7.Nc3 Nbd7 8.cxd5 
exd5 9.h3 Bd6 10.Nh4 Bh7 11.Bd3 Ne4 12.Nf3 Qe7 13.Bxe4 dxe4 14.Nd2 Rd8 15.
f3 exf3 16.Qxf3 O-O 17.e4 Bb4 18.a3 Bxc3 19.bxc3 Bg6 20.a4 Rfe8 21.e5 Qe6 
22.Qg3 c5 23.Nf3 cxd4 24.cxd4 Be4 25.Ba3 Qd5 26.Qf4 Rc8 27.Rae1 Bd3 28.Rf2
Rc2 29.Rd2 Rxd2 30.Qxd2 Be4 31.Qe3 Bxf3 32.gxf3 Re6 33.Bd6 Nb6 34.Qe4 Qa2 
35.Re2 Qxa4 36.Rg2 Qd1+ 37.Kh2 Nc4 38.Qxb7 Nxd6 39.exd6 Qxd4 40.d7 Rd6 41.
Qa8+ Kh7 42.Qe4+ Qxe4 43.fxe4 Rxd7 44.Ra2 Kg8 45.Kg3 Kf8 46.Kf4 Ke7 47.Ra6
Kd8 48.h4 Kc8 49.h5 Kb7 50.Ra1 a6 51.Rg1 f6 52.Kf5 Re7 53.Kg6 a5 54.Kh7 
Kc6 55.Rxg7 Rxg7+ 56.Kxg7 a4 57.Kxh6 a3 58.Kg6 a2 59.h6 a1=Q 60.h7 f5 61.
exf5 Qh8 62.f6 Kd6 63.Kf7 Qxh7+ 0-1

[Event "EU-chT Seniors 15th"]
[Site "Dresden"]
[Date "2013.07.23"]
[Round "4"]
[White "James, Geoffrey"]
[Black "Ashby, Anthony"]
[Result "1-0"]
[WhiteElo "2191"]
[BlackElo "2116"]
[EventDate "2013.07.20"]
[PlyCount "119"]

1.c4 Nf6 2.g3 e6 3.Bg2 d5 4.Nf3 c5 5.cxd5 exd5 6.d4 cxd4 7.Nxd4 Nc6 8.O-O 
Be7 9.Nc3 O-O 10.h3 h6 11.Be3 Be6 12.Qd2 Qd7 13.Kh2 Ne5 14.b3 Bb4 15.f4 
Nc6 16.f5 Nxd4 17.Bxd4 Bxf5 18.Qf4 Bxc3 19.Bxc3 Be4 20.Bxf6 Bxg2 21.Kxg2 
gxf6 22.Qxh6 Rfe8 23.Rxf6 Rxe2+ 24.Kg1 Qe7 25.Qg5+ Kf8 26.Raf1 Qe3+ 27.
Qxe3 Rxe3 28.Rxf7+ Kg8 29.Kg2 Re2+ 30.R1f2 Rxf2+ 31.Rxf2 Kg7 32.Kf1 Rc8 
33.Ke2 Rc3 34.Rf3 Rc2+ 35.Ke3 Rxa2 36.g4 a5 37.Kd4 Ra3 38.Kxd5 a4 39.Kc4 
axb3 40.Rxb3 b5+ 41.Kb4 Ra4+ 42.Kxb5 Re4 43.Kc5 Kg6 44.Kd5 Re1 45.Rf3 Ra1 
46.Ke5 Ra5+ 47.Kf4 Rb5 48.Re3 Rb1 49.h4 Rf1+ 50.Rf3 Ra1 51.g5 Kh5 52.Kf5 
Kxh4 53.g6 Ra5+ 54.Kf6 Ra6+ 55.Kf7 Ra7+ 56.Kf6 Ra6+ 57.Kg7 Kg5 58.Kh7 Ra7+
59.g7 Rb7 60.Kh8 1-0

[Event "EU-chT Seniors 15th"]
[Site "Dresden"]
[Date "2013.07.23"]
[Round "4"]
[White "Quinn, John"]
[Black "Yeo, Michael"]
[Result "1-0"]
[WhiteElo "2103"]
[BlackElo "2170"]
[EventDate "2013.07.20"]
[PlyCount "69"]

1.d4 Nf6 2.c4 g6 3.Nc3 d5 4.Nf3 Bg7 5.Qb3 dxc4 6.Qxc4 O-O 7.e4 a6 8.Be2 b5
9.Qb3 Nc6 10.e5 Be6 11.exf6 Bxb3 12.fxg7 Kxg7 13.axb3 Nxd4 14.Nxd4 Qxd4 
15.O-O c6 16.Bf3 Rfc8 17.Be3 Qb4 18.Ra3 f5 19.Na2 Qh4 20.b4 Qf6 21.Rc3 e5 
22.Nc1 a5 23.bxa5 Rxa5 24.Nb3 Ra2 25.Rc2 Kf7 26.Bd5+ Ke7 27.f4 cxd5 28.
Rxc8 Rxb2 29.Rfc1 Rxb3 30.R1c7+ Ke6 31.Rc6+ Kf7 32.R8c7+ Qe7 33.Rxe7+ Kxe7
34.Rc7+ Ke8 35.fxe5 1-0

[Event "EU-chT Seniors 15th"]
[Site "Dresden"]
[Date "2013.07.23"]
[Round "4"]
[White "Micheli, Carlo"]
[Black "Staub, Gerhard"]
[Result "1-0"]
[WhiteElo "2287"]
[BlackElo "2097"]
[EventDate "2013.07.20"]
[PlyCount "113"]

1.c4 e5 2.g3 c6 3.Nf3 e4 4.Nd4 d5 5.d3 dxc4 6.dxe4 Bb4+ 7.Nc3 c5 8.Nb5 
Qxd1+ 9.Kxd1 Bxc3 10.bxc3 Na6 11.Nd6+ Ke7 12.Nxc4 Be6 13.Ne3 Rd8+ 14.Kc2 
Nf6 15.Bg2 b5 16.f4 Rhe8 17.f5 Bd7 18.e5 Ng8 19.Bb7 Bc8 20.Bxa6 Bxa6 21.
Ba3 Rc8 22.c4 Kf8 23.Bb2 bxc4 24.Rad1 Bb7 25.Rhf1 Be4+ 26.Kc1 c3 27.Bxc3 
Rb8 28.Kd2 Red8+ 29.Ke1 Rxd1+ 30.Nxd1 Nh6 31.f6 g6 32.Rf4 Bb1 33.Ra4 Rb7 
34.Ne3 Nf5 35.Nc4 Rd7 36.Ra5 Rc7 37.Nd2 Bc2 38.Rxc5 Rxc5 39.Bb4 Ke8 40.
Bxc5 a6 41.Nf3 Bb1 42.a3 Ba2 43.g4 Nh6 44.h3 Ng8 45.Kf2 h6 46.Nd4 Kd7 47.
Ke3 Bc4 48.Kd2 Bd5 49.Ke3 Ke8 50.h4 Kd7 51.g5 hxg5 52.hxg5 Bc4 53.Kd2 Bd5 
54.Kc3 Kc8 55.Kb4 Kd7 56.Ka5 Bc4 57.e3 1-0

[Event "EU-chT Seniors 15th"]
[Site "Dresden"]
[Date "2013.07.23"]
[Round "4"]
[White "Beltz, Robert"]
[Black "Vinke, Dietmar"]
[Result "1-0"]
[WhiteElo "2152"]
[BlackElo "2225"]
[EventDate "2013.07.20"]
[PlyCount "97"]

1.Nf3 g6 2.d4 Bg7 3.e4 d6 4.Be2 Nd7 5.c4 e5 6.Nc3 Ngf6 7.dxe5 dxe5 8.h3 
O-O 9.Be3 c6 10.O-O Qe7 11.Qc2 Nh5 12.Rfd1 Re8 13.Bf1 Nf8 14.c5 Ne6 15.Rd6
h6 16.Rad1 Qf6 17.Nh2 Bf8 18.b4 Nhf4 19.g3 Nh5 20.Ng4 Qh8 21.Na4 Ng5 22.
Bxg5 hxg5 23.R6d2 Nf6 24.f3 Nh5 25.Kf2 Nf6 26.Nb2 a5 27.a3 axb4 28.axb4 
Be6 29.Nc4 Nxg4+ 30.hxg4 b5 31.Na5 Rec8 32.Kg2 f6 33.Rd6 Bxd6 34.Rxd6 Kf7 
35.Kg1 Qh6 36.Qd1 Qf8 37.Nxc6 Rxc6 38.Rxc6 Rc8 39.Bxb5 Rb8 40.Rc7+ Kg8 41.
Bd7 Bf7 42.b5 Bc4 43.b6 Ba6 44.Be6+ Kh8 45.Qd7 Qh6 46.Qe7 Rf8 47.c6 Be2 
48.b7 Bxf3 49.Qxf8+ 1-0

[Event "EU-chT Seniors 15th"]
[Site "Dresden"]
[Date "2013.07.23"]
[Round "4"]
[White "Morant, Paul"]
[Black "Pruefer, Friedbert"]
[Result "1-0"]
[WhiteElo "2166"]
[BlackElo "2155"]
[EventDate "2013.07.20"]
[PlyCount "153"]

1.e4 d6 2.d4 Nf6 3.Nc3 g6 4.Bg5 Bg7 5.Qd2 h6 6.Bf4 g5 7.Bg3 Nh5 8.O-O-O 
Nc6 9.Nge2 Bd7 10.d5 Ne5 11.Nd4 e6 12.Be2 Nxg3 13.hxg3 Qe7 14.f4 c5 15.
dxe6 fxe6 16.Ncb5 Bxb5 17.Nxb5 Nf7 18.Bh5 d5 19.exd5 O-O 20.Bxf7+ Rxf7 21.
d6 Qf6 22.c3 Rd8 23.Rhe1 Qf5 24.Qe3 gxf4 25.gxf4 Qxf4 26.Qxf4 Rxf4 27.Rxe6
a6 28.Nc7 Rd7 29.Nd5 Rf8 30.Nb6 Rdd8 31.d7 Bf6 32.Kc2 Kg7 33.g3 Bg5 34.Rd5
Rf6 35.Rxf6 Kxf6 36.Rxc5 Ke7 37.Kd3 Ke6 38.a4 Rf8 39.Ke4 Bd8 40.Re5+ Kf7 
41.Rf5+ Kg7 42.Rxf8 Kxf8 43.a5 h5 44.Kf5 Kf7 45.b4 h4 46.gxh4 Bxh4 47.c4 
Ke7 48.Ke4 Be1 49.Kd4 Bd2 50.Kd3 Be1 51.Kc2 Kd8 52.Kb3 Kc7 53.Ka4 Bh4 54.
b5 Bf2 55.bxa6 bxa6 56.Nd5+ Kxd7 57.Nb4 Bg3 58.Nxa6 Kc6 59.Nb4+ Kc5 60.Kb3
Bd6 61.Nd3+ Kc6 62.Ka4 Bb8 63.c5 Bc7 64.Kb4 Bg3 65.Kc4 Bc7 66.a6 Bg3 67.
Nb4+ Kc7 68.Kb5 Bf2 69.Nd5+ Kb8 70.Kb6 Kc8 71.Nc3 Bd4 72.Nb5 Be3 73.Kc6 
Kb8 74.Kd6 Bf2 75.c6 Bg3+ 76.Kd7 Ka8 77.c7 1-0

[Event "EU-chT Seniors 15th"]
[Site "Dresden"]
[Date "2013.07.23"]
[Round "4"]
[White "Weber, Bernd"]
[Black "Kivipelto, Kaj Erik"]
[Result "1-0"]
[WhiteElo "2155"]
[BlackElo "2186"]
[EventDate "2013.07.20"]
[PlyCount "45"]

1.d4 Nf6 2.c4 c5 3.d5 b5 4.cxb5 a6 5.Nc3 d6 6.e4 g6 7.Nf3 Bg7 8.a4 Nbd7 9.
Bf4 O-O 10.Be2 axb5 11.Bxb5 Ba6 12.O-O Bxb5 13.axb5 Rxa1 14.Qxa1 Nb6 15.
Qa7 Nfd7 16.Nd2 Ne5 17.Bxe5 Bxe5 18.Ra1 c4 19.Nf3 Bf6 20.Ra6 Nd7 21.Na4 
Nb8 22.Rb6 Qc8 23.Rb7 1-0

[Event "EU-chT Seniors 15th"]
[Site "Dresden"]
[Date "2013.07.23"]
[Round "4"]
[White "Westerinen, Heikki MJ"]
[Black "Lehmann, Karl Heinz"]
[Result "1/2-1/2"]
[WhiteElo "2286"]
[BlackElo "2114"]
[EventDate "2013.07.20"]
[PlyCount "146"]

1.e4 c5 2.Nf3 e6 3.c3 d5 4.exd5 exd5 5.d4 Nc6 6.Be2 Bd6 7.dxc5 Bxc5 8.Nbd2
Nge7 9.Nb3 Bb6 10.Nbd4 Nf5 11.Nxc6 bxc6 12.O-O O-O 13.Bd3 h6 14.Bf4 Bc7 
15.Bxc7 Qxc7 16.Re1 Bd7 17.Qc2 Nd6 18.Ne5 Rfe8 19.Re3 Re7 20.Rae1 Rae8 21.
h3 c5 22.Nxd7 Qxd7 23.Qd2 Kf8 24.Kf1 Qb7 25.Rxe7 Rxe7 26.Qf4 Rxe1+ 27.Kxe1
Qe7+ 28.Kd2 g5 29.Qe3 Qxe3+ 30.Kxe3 Ke7 31.b4 d4+ 32.cxd4 cxb4 33.d5 Nb7 
34.Kd4 Kd6 35.Kc4 Nc5 36.Bh7 a5 37.Kb5 b3 38.axb3 Nxb3 39.Bg8 f6 40.Ka4 
Nc5+ 41.Kxa5 Nd3 42.Kb5 Nf4 43.Kc4 Nxg2 44.Be6 Nf4 45.Bc8 Nxd5 46.Kd4 Ne7 
47.Ba6 f5 48.Bd3 Nc6+ 49.Ke3 Ke5 50.Kf3 Ne7 51.Kg3 Ng6 52.Be2 Nf4 53.Bb5 
Nh5+ 54.Kf3 Nf6 55.h4 g4+ 56.Kg2 Kf4 57.Bc4 Ne4 58.Be6 Nd2 59.Bf7 Nf3 60.
h5 Kg5 61.Kg3 f4+ 62.Kg2 Nh4+ 63.Kf1 Nf5 64.Ke2 Ng7 65.f3 g3 66.Kf1 Nxh5 
67.Kg2 Ng7 68.Kh3 Kf6 69.Bc4 Ke5 70.Bf1 Kd4 71.Kg4 Ke3 72.Bg2 Ne6 73.Kh5 
Kf2 1/2-1/2

[Event "EU-chT Seniors 15th"]
[Site "Dresden"]
[Date "2013.07.23"]
[Round "4"]
[White "Maryasin, Boris"]
[Black "Ackermann, Hans Werner"]
[Result "1-0"]
[WhiteElo "2335"]
[BlackElo "2308"]
[EventDate "2013.07.20"]
[PlyCount "104"]

1.e4 c5 2.Nf3 a6 3.c3 e6 4.d4 d5 5.e5 Bd7 6.Bd3 cxd4 7.cxd4 Bb5 8.Bc2 a5 
9.Nc3 Bb4 10.Bd2 Bxc3 11.Bxc3 Nc6 12.Qd2 Nge7 13.h4 h5 14.Ng5 g6 15.O-O-O 
Nf5 16.f3 Qe7 17.a3 b6 18.Qf4 O-O-O 19.Be1 Rd7 20.g4 Ng7 21.Bg3 Kb7 22.Qf6
Qf8 23.Kb1 hxg4 24.Rc1 Be2 25.Rh2 Nd8 26.fxg4 Rc7 27.Qf4 Bb5 28.Rf2 Qe7 
29.Qf6 Rg8 30.h5 Ne8 31.Qxe7 Rxe7 32.h6 Rh8 33.h7 Rc7 34.Re1 Rd7 35.Re3 
Nc7 36.Ref3 Bc6 37.Bf4 Re7 38.Be3 Be8 39.Rh3 Nc6 40.Nf3 f5 41.exf6 Rexh7 
42.Rxh7 Rxh7 43.Ng5 Rh1+ 44.Ka2 Re1 45.Rf3 Nd8 46.Bf4 Rg1 47.Bxc7 Kxc7 48.
f7 Nxf7 49.Nxf7 Rxg4 50.Rc3+ Kb8 51.Ne5 Rg2 52.Bd1 g5 1-0

[Event "EU-chT Seniors 15th"]
[Site "Dresden"]
[Date "2013.07.23"]
[Round "4"]
[White "Uhlmann, Wolfgang"]
[Black "Gofshtein, Leonid"]
[Result "0-1"]
[WhiteElo "2340"]
[BlackElo "2460"]
[EventDate "2013.07.20"]
[PlyCount "84"]

1.c4 g6 2.e4 e5 3.Nf3 Bg7 4.d4 exd4 5.Nxd4 Nf6 6.Nc3 O-O 7.Bd3 d5 8.cxd5 
c6 9.O-O cxd5 10.exd5 Nxd5 11.Nxd5 Qxd5 12.Nb5 Na6 13.Be2 Qe5 14.Re1 Be6 
15.Nc3 Rfd8 16.Qa4 Nc5 17.Qf4 Qxf4 18.Bxf4 Nd3 19.Bxd3 Rxd3 20.Be5 Bxe5 
21.Rxe5 Rd2 22.Rb5 b6 23.a4 Rc8 24.h3 Kg7 25.Re1 Rc6 26.Ne4 Rdc2 27.Ng5 
Bc4 28.Rbe5 Rxb2 29.Re7 a5 30.Rb7 Rf6 31.f3 Bd5 32.Rd7 Bc6 33.Rc7 Bxa4 34.
Ree7 Bb3 35.Ne4 Rf5 36.Nd6 Rg5 37.g4 Rc5 38.g5 Rxc7 39.Rxc7 Be6 40.Rb7 a4 
41.Ne8+ Kf8 42.Nf6 a3 0-1

[Event "EU-chT Seniors 15th"]
[Site "Dresden"]
[Date "2013.07.23"]
[Round "4"]
[White "Werner, Clemens"]
[Black "Birnboim, Nathan"]
[Result "1/2-1/2"]
[WhiteElo "2337"]
[BlackElo "2356"]
[EventDate "2013.07.20"]
[PlyCount "76"]

1.e4 c5 2.Nf3 Nc6 3.c3 e6 4.d4 d5 5.exd5 exd5 6.Bb5 Bd6 7.dxc5 Bxc5 8.O-O 
Ne7 9.Nbd2 O-O 10.Nb3 Bb6 11.Nfd4 Nxd4 12.Nxd4 Nf5 13.Be3 Nxe3 14.fxe3 Bd7
15.Bd3 Qg5 16.Qf3 Rae8 17.Rae1 g6 18.Qf4 Qxf4 19.exf4 Rxe1 20.Rxe1 Re8 21.
Rxe8+ Bxe8 22.Kf2 Kf8 23.Ke3 Ke7 24.Be2 Bd7 25.Bf3 Kd6 26.b4 Bf5 27.a3 Bb1
28.g3 h6 29.Be2 a6 30.Bg4 Bd8 31.Kd2 Bf6 32.Bh3 Ba2 33.Bg4 Bc4 34.Bd1 Bd8 
35.Bf3 Ke7 36.Bg4 Kd6 37.Bd1 h5 38.h4 Bb6 1/2-1/2

[Event "EU-chT Seniors 15th"]
[Site "Dresden"]
[Date "2013.07.23"]
[Round "4"]
[White "Escher, Helmut"]
[Black "Breitfeld, Joachim"]
[Result "1/2-1/2"]
[WhiteElo "2120"]
[BlackElo "2011"]
[EventDate "2013.07.20"]
[PlyCount "25"]

1.Nf3 e6 2.d4 d5 3.Bf4 Nf6 4.e3 Nbd7 5.Bd3 Bd6 6.c3 h6 7.Nbd2 Qe7 8.O-O 
O-O 9.Re1 b6 10.Bxd6 cxd6 11.e4 dxe4 12.Nxe4 Bb7 13.Qe2 1/2-1/2

[Event "EU-chT Seniors 15th"]
[Site "Dresden"]
[Date "2013.07.23"]
[Round "4"]
[White "Lenk, Wolfgang"]
[Black "Neukirch, Detlef"]
[Result "1/2-1/2"]
[WhiteElo "2203"]
[BlackElo "2247"]
[EventDate "2013.07.20"]
[PlyCount "23"]

1.e4 c5 2.Nf3 e6 3.d4 cxd4 4.Nxd4 a6 5.Bd3 Bc5 6.Nb3 Ba7 7.O-O Nc6 8.Qe2 
d6 9.Be3 e5 10.Nc3 Nge7 11.Rfd1 O-O 12.Bc4 1/2-1/2

[Event "EU-chT Seniors 15th"]
[Site "Dresden"]
[Date "2013.07.23"]
[Round "4"]
[White "Beltz, Martina"]
[Black "Pape, Manfred"]
[Result "1-0"]
[WhiteElo "2090"]
[BlackElo "2216"]
[EventDate "2013.07.20"]
[PlyCount "85"]

1.d4 g6 2.Nf3 Bg7 3.c4 d6 4.e4 Nc6 5.Be3 Bg4 6.Be2 Nf6 7.Nc3 O-O 8.O-O Nd7
9.Qd2 Bxf3 10.Bxf3 e5 11.dxe5 Ncxe5 12.Be2 Nb6 13.b3 Re8 14.Rad1 Nc6 15.
Bd3 Nd7 16.Nd5 Nc5 17.f3 a5 18.Bb1 a4 19.b4 Ne6 20.Kh1 Ne5 21.Rc1 c5 22.
Rfd1 Nc6 23.Bh6 Bh8 24.f4 Ned4 25.b5 Nb8 26.b6 Nd7 27.Nc7 Nxb6 28.Nxa8 
Qxa8 29.f5 Nd7 30.Rf1 Be5 31.fxg6 hxg6 32.Qf2 f6 33.Bf4 Kg7 34.Bxe5 dxe5 
35.Rc3 Qa6 36.Bc2 Rh8 37.Ra3 Qxc4 38.Bxa4 b5 39.Bb3 Nxb3 40.axb3 Qf7 41.
Ra7 Re8 42.Qd2 Re7 43.Qd6 1-0

[Event "EU-chT Seniors 15th"]
[Site "Dresden"]
[Date "2013.07.23"]
[Round "4"]
[White "Szenetra, Werner"]
[Black "Burchardt, Brigitte"]
[Result "0-1"]
[WhiteElo "2186"]
[BlackElo "2201"]
[EventDate "2013.07.20"]
[PlyCount "74"]

1.Nf3 c5 2.g3 d6 3.Bg2 Nf6 4.d3 Nc6 5.O-O e5 6.e4 h6 7.c3 Be7 8.a3 O-O 9.
b4 Qc7 10.h3 a6 11.Nbd2 Be6 12.Bb2 Rfd8 13.d4 d5 14.Nxe5 Nxe5 15.dxe5 Nxe4
16.Nxe4 dxe4 17.Qe2 Qxe5 18.Qxe4 Qxe4 19.Bxe4 Bd5 20.Rfe1 Bxe4 21.Rxe4 Bf6
22.bxc5 Rac8 23.Re2 Rxc5 24.c4 Bxb2 25.Rxb2 Rd7 26.Rb4 Rdc7 27.Rab1 Rxc4 
28.Rxb7 Rxb7 29.Rxb7 Rc3 30.Rb8+ Kh7 31.Rb7 f6 32.h4 h5 33.g4 hxg4 34.Rb4 
Rxa3 35.Rxg4 Kh6 36.Kg2 a5 37.h5 Rb3 0-1

[Event "EU-chT Seniors 15th"]
[Site "Dresden"]
[Date "2013.07.23"]
[Round "4"]
[White "Schlag, Franz"]
[Black "Melkeraaen, Terje"]
[Result "1/2-1/2"]
[WhiteElo "2037"]
[BlackElo "1950"]
[EventDate "2013.07.20"]
[PlyCount "52"]

1.Nc3 d5 2.e4 dxe4 3.Nxe4 Bf5 4.Ng3 Bg6 5.Nf3 Nf6 6.Bc4 Nbd7 7.d4 e6 8.O-O
Be7 9.c3 O-O 10.Re1 c5 11.Qb3 Qb6 12.d5 exd5 13.Bxd5 Nxd5 14.Qxd5 Nf6 15.
Qc4 Rfe8 16.b3 Bf8 17.Bf4 Rxe1+ 18.Rxe1 Qc6 19.Ne5 Qd5 20.Nxg6 Qxc4 21.
Ne7+ Bxe7 22.bxc4 Bf8 23.Rd1 b6 24.f3 g6 25.Kf2 Be7 26.Be5 Rd8 1/2-1/2

[Event "EU-chT Seniors 15th"]
[Site "Dresden"]
[Date "2013.07.23"]
[Round "4"]
[White "Taksrud, Vidar"]
[Black "Haase, Wolfgang"]
[Result "0-1"]
[WhiteElo "2050"]
[BlackElo "2120"]
[EventDate "2013.07.20"]
[PlyCount "72"]

1.d4 d5 2.Nf3 Nf6 3.g3 e6 4.Bg2 Nbd7 5.O-O Be7 6.c4 c6 7.Nc3 O-O 8.Qc2 Re8
9.Rd1 Bd6 10.e4 dxe4 11.Nxe4 Nxe4 12.Qxe4 f5 13.Qc2 Qf6 14.Bg5 Qf7 15.Qd2 
e5 16.dxe5 Bxe5 17.Re1 h6 18.Bf4 Bf6 19.Rxe8+ Qxe8 20.Re1 Qf7 21.b3 Nf8 
22.Ne5 Bxe5 23.Bxe5 Bd7 24.Bd6 Re8 25.Rd1 Bc8 26.Qd4 a6 27.Bf1 Ne6 28.Qc3 
Ng5 29.c5 Be6 30.Re1 Bd5 31.Rxe8+ Qxe8 32.Bc4 Qe4 33.Bxd5+ cxd5 34.h4 Nf3+
35.Kf1 Nd4 36.f3 Qe2+ 0-1

[Event "EU-chT Seniors 15th"]
[Site "Dresden"]
[Date "2013.07.23"]
[Round "4"]
[White "Thieme, Hans"]
[Black "Johnsen, Oystein"]
[Result "1/2-1/2"]
[WhiteElo "2084"]
[BlackElo "2038"]
[EventDate "2013.07.20"]
[PlyCount "51"]

1.e4 c5 2.Nf3 e6 3.d4 cxd4 4.Nxd4 a6 5.Nd2 Qc7 6.Bd3 Nf6 7.O-O Be7 8.Qe2 
d6 9.Kh1 Nbd7 10.f4 h5 11.N2f3 b6 12.Bd2 Bb7 13.Ng5 Nf8 14.Rae1 N6d7 15.e5
Nc5 16.exd6 Qxd6 17.Bc3 Nxd3 18.Qxd3 Qd5 19.Qf3 Qxf3 20.Ndxf3 Bxf3 21.Nxf3
Bf6 22.Re3 Rc8 23.Bxf6 gxf6 24.c3 Nd7 25.Rd1 Ke7 26.Kg1 1/2-1/2

[Event "EU-chT Seniors 15th"]
[Site "Dresden"]
[Date "2013.07.23"]
[Round "4"]
[White "Nautsch, Werner"]
[Black "Dueckstein, Andreas"]
[Result "1/2-1/2"]
[WhiteElo "2206"]
[BlackElo "2192"]
[EventDate "2013.07.20"]
[PlyCount "52"]

1.c4 e5 2.Nc3 Nf6 3.d3 d5 4.cxd5 Nxd5 5.g3 Nc6 6.Bg2 Be6 7.Nf3 Be7 8.O-O 
O-O 9.Bd2 f6 10.a3 Qd7 11.Re1 Rfe8 12.Rc1 Nxc3 13.Bxc3 Nd4 14.e3 Nb3 15.
Rb1 c5 16.d4 e4 17.Nd2 Nxd2 18.Qxd2 f5 19.Rbc1 Rac8 20.dxc5 Qxd2 21.Bxd2 
Rxc5 22.Bc3 Rec8 23.Rcd1 Rd5 24.Rxd5 Bxd5 25.Rd1 Rd8 26.Bf1 Bb3 1/2-1/2

[Event "EU-chT Seniors 15th"]
[Site "Dresden"]
[Date "2013.07.23"]
[Round "4"]
[White "Singer, Hans"]
[Black "Mueller Clostermann, Bruno"]
[Result "1/2-1/2"]
[WhiteElo "2168"]
[BlackElo "2165"]
[EventDate "2013.07.20"]
[PlyCount "52"]

1.Nf3 d6 2.d4 Bg4 3.e4 Nf6 4.Nc3 e6 5.Be2 Be7 6.Be3 O-O 7.Nd2 Bxe2 8.Qxe2 
d5 9.O-O c5 10.exd5 cxd4 11.Bxd4 Nxd5 12.Nxd5 Qxd5 13.Be3 Nc6 14.Rfd1 Rfd8
15.Nf3 Qe4 16.Kf1 h6 17.c3 Qa4 18.b3 Qa5 19.Rxd8+ Rxd8 20.Rc1 Bf6 21.Qc2 
Qa6+ 22.Qe2 Qa5 23.Qc2 Ne5 24.Nxe5 Bxe5 25.h3 a6 26.a4 b5 1/2-1/2

[Event "EU-chT Seniors 15th"]
[Site "Dresden"]
[Date "2013.07.23"]
[Round "4"]
[White "Strobel, Ferdinand"]
[Black "Krueger, Erich"]
[Result "1/2-1/2"]
[WhiteElo "2099"]
[BlackElo "2193"]
[EventDate "2013.07.20"]
[PlyCount "47"]

1.f4 Nf6 2.Nf3 g6 3.g3 Bg7 4.Bg2 O-O 5.O-O d5 6.c3 c6 7.d3 Nbd7 8.h3 Nh5 
9.Qe1 e5 10.fxe5 Nxe5 11.d4 Nxf3+ 12.exf3 Nf6 13.Qf2 b6 14.Re1 Be6 15.Rf1 
Qd6 16.Bg5 Rfe8 17.Nd2 Nd7 18.a4 c5 19.Rad1 a5 20.c4 Ra7 21.b3 Qc6 22.Nb1 
Rb7 23.Bc1 Re7 24.f4 1/2-1/2